000 004660000a22001810004500
003 MACL
005 20150802121110.0
008 150802b xxu||||| |||| 00| 0 eng d
040 _aMACL
_cMACL
041 _aEnglish
082 _a398/JHA
100 _aSimai, Chimoy
_94281
245 _aA Profile of Tikhak Tangsa Tribe of Arunachal Pradesh
260 _bAuthors Press
_c2008
_aNew Delhi
350 _a725
650 _aFolklore
_94270
942 _cBK
_k398/JHA
_2ddc
999 _c42666
_d42666